000
00216 a2200097 4500
001
48255
100
_a
Abdul Wahid
245
_a
Studies in Iqbal
260
_a
Lahore
_b
Shah Muhammad Ashraf
_c
090
_c
31209
_d
31209
942
_a
NUST-CAE
_c
M
_c
23569
999
_c
283328
_d
283328